Statystyki dla Najpopularniejsze marki samochódów w Polsce

Kliknij tutaj aby rozwiązać quiz!

Ogólne statystyki

  • Ten quiz został rozwiązany 142 razy
  • Średni wynik to 7 z 10

Statystyki odpowiedzi

Sprzedane w 1 rokuMarka Samochodu% Poprawnych
23 806BMW
93%
19 323Audi
90%
21 356Mercedes-Benz
84%
73 862Toyota
82%
42 067Skoda
78%
16 426Ford
71%
33 174KIA
70%
26 887Hyundai
66%
20 178Dacia
55%
30 814Volkswagen
55%

Rozkład punktacji

Percentyl według liczby udzielonych odpowiedzi

Procent ludzi z każdym wynikiem

Twoja historia wyników

Nie rozwiązałeś tego quizu